000 00623nam a22001815i 4500
001 166046
003 ES-MaACL
005 20250724063435.0
008 050920s1904 sp | |||||||| ||spa d
040 _aCAM
_bspa
_cCAM
100 1 _aTarde, Gabriel de,
_d1843-1904
_9133127
245 1 2 _aL'opinion et la foule /
_cpar G. Tarde.
260 _aParis :
_bFélix Alcan :
_bAncienne Librairie Germer Bailiére et Cie.,
_c1904 (
_eÉvreux :
_fImprimerie de Charles Hérissey)
300 _a226 p. ;
_c23 cm.
700 1 _aAlcan, Felix.
_9125590
852 _aES-MaACL
_jB-7191
_z-- Enc. hol.
999 _c166046
_d166046